000 00768nam a2200253Ia 4500
003 OSt
005 20220923215842.0
006 a|||||r|||| 00| 0
007 ta
008 220922b |||||||| |||| 00| 0 hin d
024 _a182,227
037 _cTextual
040 _aARTS
_cARTS
_bhin
041 _2hin
_ahin
082 _aO152,1N446x, M9
100 _aशर्मा, प्रमिला
_9156279
245 0 _aआस पास
246 _aĀs pāsa
260 _aदिल्ली
_b पूजा प्रकाशन
_c1989
300 _a84 पृ.
_ccm.
650 _aहिन्दी साहित्य
_9156264
942 _hO152,1N446x, M9
_cTEXL
_2CC
999 _c335601
_d335601